[Event "POL-chT Region"]
[Site "Swietokrzyskie"]
[Date "2010.02.06"]
[Round "5"]
[White "Skrzypczak, Tomasz"]
[Black "Byrka, Joanna"]
[Result "1/2-1/2"]
[WhiteElo "2007"]
[BlackElo "1831"]
[PlyCount "118"]
[EventDate "2010.01.09"]
[EventType "team-swiss"]
[EventRounds "10"]
[EventCountry "POL"]
[SourceTitle "EXT 2013"]
[Source "ChessBase"]
[SourceDate "2012.11.22"]
[SourceVersion "1"]
[SourceVersionDate "2012.11.22"]
[SourceQuality "1"]

1. e4 c5 2. d4 cxd4 3. c3 dxc3 4. Nxc3 Nc6 5. Bc4 e6 6. Nf3 a6 7. 0-0 b5 8. Bb3 Bb7 9. Bf4 Bc5 10. Rc1 Bb6 11. Re1 Nge7 12. Bd6 0-0 13. Bc2 Re8 14. h4 Bc7 15. e5 Bxd6 16. exd6 Ng6 17. g3 Nb4 18. Bb1 Nd5 19. h5 Nf8 20. Nxd5 Bxd5 21. Be4 Bxe4 22. Rxe4 Rc8 23. Re3 Rxc1 24. Qxc1 Qb6 25. Qc7 Rb8 26. Rc3 Rb7 27. Ne5 b4 28. Rc2 b3 29. axb3 Qxb3 30. Qc8 Rb8 31. Qc7 Rb7 32. Qc4 Qxc4 33. Nxc4 Rb5 34. g4 h6 35. f4 Nh7 36. Ne5 Nf6 37. Rc8+ Kh7 38. Nxf7 g6 39. hxg6+ Kxg6 40. Ne5+ Kg7 41. Nxd7 Nxd7 42. Rc7 Rxb2 43. Rxd7+ Kf6 44. Rh7 Rd2 45. Rxh6+ Kf7 46. Rh7+ Kg6 47. Rd7 a5 48. Rd8 Kg7 49. g5 a4 50. Ra8 Rxd6 51. Rxa4 Rd2 52. Re4 Kf7 53. Kf1 Rb2 54. Re2 Rb4 55. Rf2 Kg6 56. Kg2 Kf5 57. Kg3 Re4 58. Rf1 e5 59. fxe5+ Kxg5 1/2-1/2

[Event "POL-ch U16"]
[Site "Leba"]
[Date "2004.04.03"]
[Round "10"]
[White "Skrzypczak, Tomasz"]
[Black "Surman, Martin"]
[Result "1-0"]
[WhiteElo "2000"]
[BlackElo "1985"]
[PlyCount "143"]
[EventDate "2004.03.27"]
[EventType "swiss"]
[EventRounds "11"]
[EventCountry "POL"]
[SourceTitle "EXT 2005"]
[Source "ChessBase"]
[SourceDate "2004.11.15"]
[SourceVersion "1"]
[SourceVersionDate "2004.11.15"]
[SourceQuality "1"]

1. e4 c5 2. Nf3 d6 3. d4 cxd4 4. Nxd4 Nf6 5. Nc3 a6 6. Bg5 e6 7. f4 Nbd7 8. Qf3 Qc7 9. 0-0-0 Be7 10. g4 b5 11. Bxf6 gxf6 12. Bg2 Bb7 13. a3 Rb8 14. h4 Ba8 15. f5 e5 16. Nb3 a5 17. Nd5 Bxd5 18. Rxd5 a4 19. Nd2 Qc6 20. Nb1 Nb6 21. Rd3 Nc4 22. Nd2 b4 23. axb4 Nxd2 24. Rxd2 Rxb4 25. Re1 Kd7 26. c3 Rb3 27. Rc2 Rhb8 28. Qd3 Qb6 29. Qe3 Rxb2 30. Qxb6 R2xb6 31. Kd2 Bf8 32. Ra1 Bh6+ 33. Ke2 Ra8 34. Rca2 Rba6 35. Kd3 Kc6 36. Bf3 Kc5 37. Bd1 a3 38. Bb3 R8a7 39. Rg1 Rb6 40. Kc2 Be3 41. Rga1 Rba6 42. Kd3 Bf2 43. Rxf2 Rb6 44. Kc2 h6 45. Rg2 Rb8 46. Rgg1 Rg8 47. Ra2 Kc6 48. Bc4 Kc7 49. Be2 Kc6 50. Rga1 Rga8 51. Rb1 Ra5 52. Bc4 Rg8 53. Bd5+ Kc5 54. Rg1 Ra7 55. Kd3 Rg7 56. Ke3 Ra5 57. Kf3 Ra4 58. Rga1 Ra5 59. Rxa3 Rxa3 60. Rxa3 h5 61. gxh5 Rg1 62. Ra2 Rh1 63. Kg3 Rg1+ 64. Rg2 Rb1 65. h6 Rb2 66. h7 Rb8 67. Bxf7 Rh8 68. Bg8 d5 69. exd5 e4 70. Kf4 e3 71. Kxe3 Kd6 72. Kd4 1-0

[Event "POL-chT2 U18"]
[Site "Sielpa"]
[Date "2004.??.??"]
[Round "9"]
[White "Diczew, Filip"]
[Black "Skrzypczak, Tomasz"]
[Result "1-0"]
[WhiteElo "1980"]
[BlackElo "1970"]
[PlyCount "72"]
[EventDate "2004.??.??"]
[EventType "team-tourn"]
[EventRounds "11"]
[EventCountry "POL"]
[SourceTitle "EXT 2007"]
[Source "ChessBase"]
[SourceDate "2006.11.23"]
[SourceVersion "1"]
[SourceVersionDate "2006.11.23"]
[SourceQuality "1"]

1. e4 c5 2. Nc3 Nc6 3. g3 g6 4. Bg2 Bg7 5. d3 Rb8 6. f4 d6 7. Nf3 Bg4 8. h3 Bxf3 9. Qxf3 e6 10. 0-0 Nge7 11. g4 f5 12. exf5 gxf5 13. gxf5 0-0 14. fxe6 Nd4 15. Qg4 Nef5 16. Rf2 Nxe6 17. Bd5 Qd7 18. Bd2 Kh8 19. Kh2 Nc7 20. Be4 d5 21. Bxf5 Rxf5 22. Re1 Rg8 23. Rg2 Qf7 24. Re7 Qxe7 25. Qxf5 Rf8 26. Qh5 Qd7 27. Rg5 d4 28. Ne4 b6 29. Rg4 Nd5 30. Rh4 Bf6 31. Rg4 Bg7 32. Rh4 Bf6 33. Qh6 Qe7 34. Rg4 Bg7 35. Qg5 Nf6 36. Rg2 Qd7 1-0

[Event "POL-chT2 U18"]
[Site "Sielpa"]
[Date "2004.??.??"]
[Round "11"]
[White "Majcher, Marcin"]
[Black "Skrzypczak, Tomasz"]
[Result "1-0"]
[WhiteElo "2050"]
[BlackElo "1970"]
[PlyCount "37"]
[EventDate "2004.??.??"]
[EventType "team-tourn"]
[EventRounds "11"]
[EventCountry "POL"]
[SourceTitle "EXT 2007"]
[Source "ChessBase"]
[SourceDate "2006.11.23"]
[SourceVersion "1"]
[SourceVersionDate "2006.11.23"]
[SourceQuality "1"]

1. e4 c5 2. Nc3 Nc6 3. Bb5 g6 4. Bxc6 dxc6 5. f4 Bg7 6. Nf3 Bg4 7. 0-0 Qc7 8. d3 Nf6 9. Qe1 Nd7 10. Nh4 Nb6 11. a4 Bd7 12. a5 Nc8 13. e5 g5 14. Nf3 gxf4 15. Bxf4 e6 16. Ne4 f5 17. exf6 Qxf4 18. fxg7 Rg8 19. Nfg5 1-0

[Event "POL-chT2 U18"]
[Site "Sielpa"]
[Date "2004.??.??"]
[Round "3"]
[White "Skrzypczak, Tomasz"]
[Black "Wiercioch, Szymon"]
[Result "0-1"]
[WhiteElo "1970"]
[BlackElo "1800"]
[PlyCount "160"]
[EventDate "2004.??.??"]
[EventType "team-tourn"]
[EventRounds "11"]
[EventCountry "POL"]
[SourceTitle "EXT 2007"]
[Source "ChessBase"]
[SourceDate "2006.11.23"]
[SourceVersion "1"]
[SourceVersionDate "2006.11.23"]
[SourceQuality "1"]

1. e4 d5 2. exd5 Qxd5 3. Nf3 Nf6 4. h3 Bf5 5. Nc3 Qa5 6. Bc4 e6 7. 0-0 c6 8. d4 Bd6 9. Re1 Nbd7 10. Bd2 Qc7 11. Ng5 h6 12. Nge4 Nxe4 13. Nxe4 Bxe4 14. Rxe4 Nf6 15. Re1 0-0-0 16. c3 g5 17. b4 Rdg8 18. b5 g4 19. h4 g3 20. f3 cxb5 21. Bxb5 Qe7 22. Qe2 Nd5 23. Qe4 Nf6 24. Qd3 Nd5 25. Kf1 Qxh4 26. Ke2 Bf4 27. Qc4+ Kb8 28. Qd3 Bxd2 29. Qxd2 Qg5 30. Qb2 Nxc3+ 31. Qxc3 Qxb5+ 32. Kd2 Rc8 33. Qa3 Rhd8 34. Re4 Qc4 35. Qd3 Qb4+ 36. Kd1 Rc3 37. Qd2 Qa4+ 38. Ke1 Rc4 39. Rd1 Rc2 40. Qf4+ Ka8 41. Qxg3 Qb4+ 42. Kf1 Qc4+ 43. Kg1 Qxa2 44. Rh4 Qb3 45. Re1 Qd5 46. Qg4 Qg5 47. Qxg5 hxg5 48. Rh7 Rf8 49. Rg7 Rd2 50. Re4 a5 51. Rxg5 b6 52. f4 Rd8 53. Rg7 Rd7 54. Rxe6 R2xd4 55. Rxb6 Rxf4 56. Rg5 Ka7 57. Rbb5 a4 58. Kh2 Rd3 59. Rb2 Rf6 60. Ra2 a3 61. g3 Kb6 62. Kh3 Rb3 63. Kh4 Rff3 64. Rg8 Kb7 65. Re8 Rb2 66. Re2 Rxe2 67. Rxe2 Kb6 68. Kg4 Rb3 69. Re8 a2 70. Rb8+ Kc7 71. Ra8 Rb2 72. Kf5 Kd6 73. g4 Kc5 74. Kf6 Rf2+ 75. Kg7 Kb4 76. g5 Kb3 77. Rb8+ Kc2 78. Ra8 Kb1 79. Rb8+ Rb2 80. Ra8 Rb7 0-1

[Event "Rowy Jantar op-C 11th"]
[Site "Rowy"]
[Date "2002.06.13"]
[Round "6"]
[White "Butsko, Ivan"]
[Black "Skrzypczak, Tomasz"]
[Result "1/2-1/2"]
[WhiteElo "1600"]
[BlackElo "1800"]
[PlyCount "140"]
[EventDate "2002.06.??"]
[EventType "swiss"]
[EventRounds "8"]
[EventCountry "POL"]
[SourceTitle "EXT 2006"]
[Source "ChessBase"]
[SourceDate "2005.11.24"]
[SourceVersion "1"]
[SourceVersionDate "2005.11.24"]
[SourceQuality "1"]

1. e4 e6 2. d4 d5 3. exd5 exd5 4. Nc3 Bb4 5. Qe2+ Ne7 6. Bd2 Nbc6 7. Nf3 Bg4 8. Qe3 Qd7 9. 0-0-0 0-0-0 10. Bb5 f6 11. h3 Bxf3 12. Qxf3 a6 13. Bxc6 Nxc6 14. Ne2 Bxd2+ 15. Rxd2 Rhe8 16. c3 Na5 17. b3 Re4 18. Kc2 Rde8 19. Ng3 R4e6 20. Re2 Rxe2+ 21. Nxe2 Nc6 22. Nf4 Qf5+ 23. Kd2 Re4 24. Nd3 Qxf3 25. gxf3 Rh4 26. Rg1 g6 27. Rg3 Ne7 28. f4 Nf5 29. Rf3 c6 30. Nc5 a5 31. Kd3 b6 32. Na4 Kc7 33. c4 Ne7 34. Nc3 Kd6 35. Na4 Nc8 36. c5+ Kc7 37. cxb6+ Nxb6 38. Nc5 Nd7 39. Ne6+ Kd6 40. Ng7 Ke7 41. f5 Kf7 42. Ne6 Ke7 43. Re3 gxf5 44. Ng7+ Kf8 45. Nxf5 Rf4 46. Nd6 Nb6 47. Re8+ Kg7 48. Re7+ Kg6 49. Rb7 Na8 50. Ke3 Rh4 51. Ra7 Rxh3+ 52. f3 Nb6 53. Ra6 Nd7 54. Rxc6 Rh2 55. Ne8 Rxa2 56. Rd6 Kf7 57. Rxd7+ Kxe8 58. Rxh7 Ra3 59. Rh5 Rxb3+ 60. Kf4 Rb5 61. Kf5 Rb3 62. Kxf6 Rxf3+ 63. Ke6 a4 64. Kxd5 a3 65. Rh1 a2 66. Ra1 Rf2 67. Kc4 Kd7 68. Kb3 Kd6 69. Rxa2 Rxa2 70. Kxa2 Kd5 1/2-1/2

[Event "Rowy Jantar op-C 11th"]
[Site "Rowy"]
[Date "2002.06.11"]
[Round "4"]
[White "Hmelevsky, Igor"]
[Black "Skrzypczak, Tomasz"]
[Result "0-1"]
[WhiteElo "2000"]
[BlackElo "1800"]
[PlyCount "59"]
[EventDate "2002.06.??"]
[EventType "swiss"]
[EventRounds "8"]
[EventCountry "POL"]
[SourceTitle "EXT 2006"]
[Source "ChessBase"]
[SourceDate "2005.11.24"]
[SourceVersion "1"]
[SourceVersionDate "2005.11.24"]
[SourceQuality "1"]

1. Nf3 e6 2. g3 d5 3. c4 Nf6 4. b3 Be7 5. Bb2 0-0 6. Bg2 Nbd7 7. 0-0 b6 8. d3 Bb7 9. Nbd2 c5 10. Qc2 d4 11. a3 Qc7 12. b4 Ne5 13. b5 Nfd7 14. a4 Nxf3+ 15. Bxf3 Bxf3 16. exf3 Qb7 17. Rfe1 Rfe8 18. f4 Nf6 19. Ne4 Nd7 20. Re2 f5 21. Nd2 Bf6 22. Rae1 Re7 23. h3 a6 24. Nf1 axb5 25. axb5 g6 26. Qb3 e5 27. fxe5 Nxe5 28. Nh2 Rae8 29. Qc2 h5 30. Bc1 0-1

[Event "Rowy Jantar op-C 11th"]
[Site "Rowy"]
[Date "2002.06.10"]
[Round "3"]
[White "Skrzypczak, Tomasz"]
[Black "Forys, Michal"]
[Result "1-0"]
[WhiteElo "1800"]
[BlackElo "1800"]
[PlyCount "81"]
[EventDate "2002.06.??"]
[EventType "swiss"]
[EventRounds "8"]
[EventCountry "POL"]
[SourceTitle "EXT 2006"]
[Source "ChessBase"]
[SourceDate "2005.11.24"]
[SourceVersion "1"]
[SourceVersionDate "2005.11.24"]
[SourceQuality "1"]

1. e4 c5 2. Nf3 d6 3. d4 cxd4 4. Nxd4 Nf6 5. Nc3 g6 6. Be3 Bg7 7. Bc4 Nc6 8. f3 0-0 9. Qd2 Bd7 10. 0-0-0 Rc8 11. Bb3 Ne5 12. Bh6 Nc4 13. Bxc4 Rxc4 14. Bxg7 Kxg7 15. g4 Qa5 16. Nb3 Qa6 17. h4 h5 18. g5 Ng8 19. Kb1 Rfc8 20. Qe3 b5 21. Rh2 b4 22. Nd5 Qb5 23. Rd4 a5 24. Rxc4 Rxc4 25. Nd4 Qc5 26. Nb3 Qb5 27. Qb6 a4 28. Qxb5 Bxb5 29. Nd2 Rd4 30. c3 bxc3 31. bxc3 Rd3 32. Kc2 e6 33. Nc7 Bc4 34. Nxc4 Rxf3 35. Nxd6 Ne7 36. Na6 Nc6 37. Nc5 a3 38. Nc4 Kf8 39. Nxa3 Nb4+ 40. cxb4 Rxa3 41. Kb2 1-0